<?xml version="1.0" encoding="UTF-8"?>
<record
    xmlns:xsi="http://www.w3.org/2001/XMLSchema-instance"
    xsi:schemaLocation="http://www.loc.gov/MARC21/slim http://www.loc.gov/standards/marcxml/schema/MARC21slim.xsd"
    xmlns="http://www.loc.gov/MARC21/slim">

  <leader>00834cam a2200229 a 4500</leader>
  <datafield tag="999" ind1=" " ind2=" ">
    <subfield code="c">58280</subfield>
    <subfield code="d">58280</subfield>
  </datafield>
  <controlfield tag="001">15350370</controlfield>
  <controlfield tag="005">20211020133731.0</controlfield>
  <controlfield tag="008">080701s2007    cau      b    001 0 eng d</controlfield>
  <datafield tag="020" ind1=" " ind2=" ">
    <subfield code="a">9788779897441</subfield>
  </datafield>
  <datafield tag="041" ind1=" " ind2=" ">
    <subfield code="a">eng</subfield>
  </datafield>
  <datafield tag="080" ind1=" " ind2=" ">
    <subfield code="a">299.93 H-88</subfield>
  </datafield>
  <datafield tag="100" ind1="1" ind2=" ">
    <subfield code="a">Hubbard, L. Ron</subfield>
    <subfield code="q"> </subfield>
    <subfield code="d"> </subfield>
    <subfield code="9">12699</subfield>
  </datafield>
  <datafield tag="245" ind1="1" ind2="0">
    <subfield code="a">Science of survival :</subfield>
    <subfield code="b">prediction of human behavior /</subfield>
    <subfield code="c">L. Ron Hubbard.</subfield>
  </datafield>
  <datafield tag="264" ind1=" " ind2=" ">
    <subfield code="a">Los Angeles :</subfield>
    <subfield code="b">Bridge Publications,</subfield>
    <subfield code="c">2007.</subfield>
  </datafield>
  <datafield tag="300" ind1=" " ind2=" ">
    <subfield code="a"> 729 p. ;</subfield>
    <subfield code="c">25 cm.</subfield>
  </datafield>
  <datafield tag="653" ind1=" " ind2=" ">
    <subfield code="a">Science of survival </subfield>
  </datafield>
  <datafield tag="653" ind1=" " ind2=" ">
    <subfield code="a">&#x10D2;&#x10D0;&#x10D3;&#x10D0;&#x10E0;&#x10E9;&#x10D4;&#x10DC;&#x10D8;&#x10E1; &#x10DB;&#x10D4;&#x10EA;&#x10DC;&#x10D8;&#x10D4;&#x10E0;&#x10D4;&#x10D1;&#x10D0;</subfield>
  </datafield>
  <datafield tag="653" ind1=" " ind2=" ">
    <subfield code="a">prediction of human behavior</subfield>
  </datafield>
  <datafield tag="653" ind1=" " ind2=" ">
    <subfield code="a">&#x10D0;&#x10D3;&#x10D0;&#x10DB;&#x10D8;&#x10D0;&#x10DC;&#x10D8;&#x10E1; &#x10E5;&#x10EA;&#x10D4;&#x10D5;&#x10D8;&#x10E1; &#x10DE;&#x10E0;&#x10DD;&#x10D2;&#x10DC;&#x10DD;&#x10D6;&#x10D8;&#x10E0;&#x10D4;&#x10D1;&#x10D0;</subfield>
  </datafield>
  <datafield tag="942" ind1=" " ind2=" ">
    <subfield code="2">udc</subfield>
    <subfield code="c">BK</subfield>
  </datafield>
  <datafield tag="955" ind1=" " ind2=" ">
    <subfield code="a">ps10 2008-07-01 z-processor</subfield>
    <subfield code="a">sh00 2008-07-08</subfield>
    <subfield code="i">sh21 2008-07-29 (telework)</subfield>
  </datafield>
  <datafield tag="952" ind1=" " ind2=" ">
    <subfield code="0">0</subfield>
    <subfield code="1">0</subfield>
    <subfield code="2">udc</subfield>
    <subfield code="4">0</subfield>
    <subfield code="6">29993_H88</subfield>
    <subfield code="7">0</subfield>
    <subfield code="9">91000</subfield>
    <subfield code="a">CPL</subfield>
    <subfield code="b">CPL</subfield>
    <subfield code="c">GEN</subfield>
    <subfield code="d">2021-10-20</subfield>
    <subfield code="g">21.00</subfield>
    <subfield code="o">299.93 H-88</subfield>
    <subfield code="p">61885</subfield>
    <subfield code="r">2021-10-20</subfield>
    <subfield code="t">61885</subfield>
    <subfield code="w">2021-10-20</subfield>
    <subfield code="y">BK</subfield>
    <subfield code="z">21 &#x10DA;. 43&#x10D7;.</subfield>
  </datafield>
</record>
